000 00442nam a2200181Ia 4500
001 1141
005 20260306140610.0
008 260306t2002||||xx |||||||||||||| ||spa||
041 _aESP
082 _a184
_bR31
100 _aReale, Giovanni, 1931-
_eAUT
245 0 _aPlatón:
_ben búsqueda de la sabiduría secreta
260 _c2002
300 _a371 páginas :
_c22 cm.
650 _aGEN
654 _aCHU
942 _cLIB
_dJUS
_fJUS
_2ddc
_n
999 _c1141
_d1141